Academic programs in technical communication /

Bibliographic Details
Main Author: Pearsall, Thomas E.
Other Authors: Sullivan, Frances J.
Format: Book
Language:English
Published: Washington, D.C. : Society for Technical Communication, 1976.
Subjects:

MARC

Tag First Indicator Second Indicator Subfields
LEADER 00000cam a2200000 a 4500
001 in00000647607
005 20151015063411.0
008 780825s1976 dcua 00010 engmd
020 |a 0914548271 
035 |a (OCoLC)04169495 
035 |9 ACW0892AM 
040 |a AZN  |c AZN  |d m.c.  |d TXA  |d UtOrBLW 
049 |a TXAM  |c [1385855] 
090 |a T11  |b .P392 
100 1 |a Pearsall, Thomas E. 
245 1 0 |a Academic programs in technical communication /  |c Thomas E. Pearsall and Frances J. Sullivan. 
264 1 |a Washington, D.C. :  |b Society for Technical Communication,  |c 1976. 
300 |a v, 17 pages :  |b illustrations ;  |c 29 cm. 
336 |a text  |b txt  |2 rdacontent 
337 |a unmediated  |b n  |2 rdamedia 
338 |a volume  |b nc  |2 rdacarrier 
500 |a "STC 73-76." 
650 0 |a Technical writing. 
700 1 |a Sullivan, Frances J. 
999 |a MARS 
999 f f |s 608e79ff-2542-38b8-87d3-1c2140cbeb3a  |i 0de9adb2-538f-3ab5-aa40-0a5053d4221e  |t 0 
952 f f |p ric  |a Texas A&M University  |b Rellis Campus  |c Joint Library Facility  |d Remote Storage  |t 0  |e T11 .P392  |h Library of Congress classification  |i unmediated -- volume  |m A14805258493 
998 f f |a T11 .P392  |t 0  |l Remote Storage